La voyeuse /

Saved in:
Bibliografiske detaljer
Hovedforfatter: Tarabella, Eleonora
Format: Bog
Sprog:italiensk
Udgivet: San Bonifacio (Verona) : L'iguana, 2018
Serier:Collana Verde, le iguane narratrici ; 16
Tags: Tilføj Tag
Ingen Tags, Vær først til at tagge denne postø!

MARC

LEADER 00000nam a22000007i 4500
001 IT\ICCU\LIA\0973867
003 ItRI
005 20260115232205.0
008 181112s2018 it |||||| ||||| |||||c
020 |a 9788898174300 
040 |b ita  |c importazione bologna sebina 
041 7 |a ita  |2 ISO-639-2 
100 1 |a Tarabella, Eleonora  |0 IT\ICCU\LO1V\448589 
240 1 3 |a LA voyeuse  |3 IT\ICCU\VIA\0362607  |9 Tarabella, Eleonora 
245 1 3 |a La voyeuse /  |c Eleonora Tarabella. 
260 |a San Bonifacio (Verona) :  |b L'iguana,  |c 2018 
300 |a 76 p. ;  |c 20 cm. 
830 0 |a Collana Verde, le iguane narratrici ;  |v 16  |0 IT\ICCU\VEA\1154080 
942 |2 ddc  |c BK  |n 0 
952 |0 0  |1 0  |4 0  |6 DOC_853_920000000000000_TAR  |7 0  |9 21663  |a BO  |b BO  |d 2026-01-15  |i 20939  |l 0  |o DOC 853.92 TAR  |p BO20939  |r 2026-01-15 23:22:05  |w 2026-01-15  |x [Sebina 5] [1 v.]  |y BK  |z 1 v. 
999 |c 18502  |d 18502